| 000 | 00422nam a2200145 a 4500 | ||
|---|---|---|---|
| 999 |
_c912 _d912 |
||
| 020 | _a9350140438 (paperback) | ||
| 020 | _a9789350140437 (paperback) | ||
| 100 | 1 | _aGupta, J. B. | |
| 245 | 1 | 0 | _aElements of Power Systems / |
| 260 |
_a[S.l.] : _bS K KATARIA & SONS, _c2010. |
||
| 300 | _a1 v. (unpaged) ; | ||
| 650 | _aPower System | ||
| 856 | 4 | 0 | _uhttp://www.amazon.com/exec/obidos/ASIN/9350140438/chopaconline-20 |
| 942 | _cBK | ||